000 00483cam a2200193ua 4500
001 743
008 110419n ii |||gr||||Z||||||eng
040 _cMAIN
082 _a320.5
245 1 _aStudies in Plato and Aristotle.
_cBy D R Bhandari.
250 _a1st.
260 _aNew Delhi.:
_bS Chand.,967.
300 _a235 p.:5 cm.
653 _aPolitical science.
653 _aStudies in Plato and Aristotle.
700 _aBhandari, D R.,
700 _aSethi, R R.,
942 _cBK
999 _c670
_d670